| 000 | 01255cam a22003497a 4500 | ||
|---|---|---|---|
| 003 | CHAP | ||
| 005 | 20220329141951.0 | ||
| 008 | 981022d1996 ab r 00110 eng d | ||
| 010 | _a76395 | ||
| 011 | _a77367 | ||
| 035 | _a86973 | ||
| 040 | _cCHAP | ||
| 090 | _aFolleto 15301 | ||
| 100 | 0 | 0 |
_aSoomro, Badaruddin. _9108600 |
| 245 | 1 | 0 |
_aCotton production in Pakistan : _ba success story _c/by Badaruddin Soomro and Parvez Khaliq |
| 260 |
_aBangkok : _bAsia-Pacific Association of Agricultural Research Institutions, _c1996. |
||
| 300 |
_a29 p. : _bilus. ; gráfs. ; mapas ; cuadros |
||
| 410 | 2 | _aAsia-Pacific Association of Agricultural Research Institutions | |
| 490 | 0 |
_aPublication _v; 2 |
|
| 590 |
_aBATCH-UPD _b10 _c20130110 _lUCH01 _h0653 |
||
| 590 |
_aBATCH-UPD _b10 _c20130410 _lUCH01 _h0338 |
||
| 590 |
_aBATCH-UPD _b10 _c20130914 _lUCH01 _h0106 |
||
| 590 |
_aCONVERSION _b10 _c20130109 _lUCH01 _h1342 |
||
| 650 | 1 | 4 |
_aAlgodon _xPakistan. _94044 |
| 650 | 1 | 4 |
_aAlgodón _xRendimiento. _94053 |
| 810 | 0 | 0 |
_aAsia-Pacific Association of Agricultural Research Institutions _97946 |
| 830 | 0 |
_aPublication _v; 2 _992792 |
|
| 901 | _aBK | ||
| 905 | _aAlejandra Carrasco M. | ||
| 942 | _cFOLL | ||
| 949 |
_aFolleto 15301 _bBC _cFOLL _d869731 _eTS1 _i86973 _sb |
||
| 999 |
_c76395 _d76395 |
||